|
|
|
|
| LEADER |
00678cam a2200169 7i4500 |
| 001 |
0000002677 |
| 005 |
19991025090000.0 |
| 002 |
##000003931 |
| 020 |
0 |
0 |
|a T000003865
|
| 090 |
0 |
0 |
|a KENA 338.9
|b NAT
|
| 245 |
1 |
0 |
|a National development plan :
|b for the period 1994 to 1996..
|
| 260 |
0 |
0 |
|a Nairobi:
|b Government Printer,
|c [199-.].
|
| 300 |
0 |
0 |
|a 290p.
|
| 500 |
0 |
0 |
|a This plan covers the projected growth of the Kenyan economy for the year 1994-1996 and more specifically, the investment programme of the Government in the three financial years 1994/95 to 1996/97.
|
| 650 |
0 |
0 |
|a Kenya --
|x Economic development
|
| 651 |
0 |
0 |
|a Kenya
|
| 999 |
|
|
|a 000004326
|b Book
|c Open shelf
|e Business Information Centre
|